000 00310nam a22001337a 4500
003 OSt
005 20231127204458.0
008 231127b |||||||| |||| 00| 0 eng d
040 _cCO-JMCR
082 _aC /
_bBIEn
100 _aBierce, Ambrose,
_942828
245 _a99 fábulas fantásticas /
942 _2ddc
_cBK
999 _c30364
_d16748